000 01015nam a2200289 i 4500
001 000022298
003 DO-SdBNP
005 20251204080527.0
007 ta
008 100922s1973 dr 001 0 spa d
040 _aDO-SdBNP
_bspa
_cBNPHU
_erda
041 _aspa
082 4 _a461
_bR741t
_222
100 1 _aRojas, Rafael A.,
_eautor
_4aut.
_946058
245 1 4 _aLos tres aspectos de la ortografía y particularidades del idioma /
_cRafael A. Rojas ; prólogo, Francisco A. Batista García.
264 1 _aSanto Domingo, R. D. :
_bPublicaciones América,
_c1973.
300 _a138 páginas ;
_c22 cm.
336 _atexto
_btxt
_2rdacontent
337 _asin mediación
_bn
_2rdamedia
338 _avolumen
_bnc
_2rdacarrier
590 _aInventariado, 2018/LP
650 4 _aEspañol
_xOrtografía
_xEnseñanza
_91228
650 4 _aDificultad en la ortografía
_946059
700 1 _aBatista García, Francisco A.,
_eprologuista
_4pr.
_946060
910 _aValidado. Control de la calidad EMS
942 _2ddc
_cLBS1
999 _c21796
_d21796